Pays par Indice. Niveau DIFFICILE - Statistiques

Statistiques générales
  • Ce quiz a été pris 316 fois
  • Le résultat moyen est 7 sur 9
Statistiques - réponses
Indice Pays % Correct
Pays connu pour les châteaux de la Loire et son vin. France
98%
Pays connu pour ses célèbres ruines incas et le Machu Picchu. Pérou
96%
Pays avec des aurores boréales et la culture sami. Suède
86%
Pays où se trouve la ville de Hanoï et les rizières en terrasse. Vietnam
86%
Pays avec des paysages volcaniques et une culture unique. Islande
81%
Pays africain où l'on trouve le Kilimandjaro. Tanzanie
76%
Pays avec une population majoritairement inuit et des paysages polaires. Groenland
74%
Pays hors d'Europe, célèbre pour ses éléphants et ses safaris. Kenya
73%
Pays avec un immense territoire, de l'artisanat en bois et d'étranges animaux comme l'okapi. République Démocratique du Congo
44%
Aucun quiz correspondant
Distribution des résultats
% des personnes avec chaque résultat
Percentile par nombre de réponses
Votre historique - résultats
Vous n’avez pas pris ce quiz